00553nam a2200193 a 4500001001300000003000900013005001700022008004100039020001000080082001700090100002800107245004100135260004500176300000800221500003500229505003400264650003300298700002800331nice12345678IN_TiNIC20260116011325.0050524s1954 dela grp 000 0 eng  ac10000a915.404bSEO aSeoharavi, Maqbul Ahmad aAjaibat-E-Hindb Saiyyahon Ki Zabani aDelhibDayals` Printing Press Spckc1954 a91p aincludes index and biblioraphy2 ascn book club study project.3 aIndia-Travel and Description1 aSeoharavi, Maqbul Ahmad